| 000 | 00819nam a2200253Ia 4500 | ||
|---|---|---|---|
| 003 | OSt | ||
| 005 | 20221005085716.0 | ||
| 006 | a|||||r|||| 00| 0 | ||
| 007 | ta | ||
| 008 | 221004b |||||||| |||| 00| 0 eng d | ||
| 020 |
_a9781462510009 (pbk) _c1703.24 |
||
| 024 | _a14946 | ||
| 037 |
_b11619, 27/08/2014, Elite Publishers Distributors _cTextual |
||
| 040 |
_aCRL _cCRL _beng |
||
| 041 |
_2eng _aeng |
||
| 082 | _aSigma:f, Q3 | ||
| 100 |
_aJosselson Ruthellen _988640 |
||
| 245 | 0 |
_aInterviewing for qualitative inquiry _b Relational approach |
|
| 260 |
_aNew York _bGuilford Press USA _c2013 |
||
| 300 |
_axvii,206p. _ccm. |
||
| 650 | _aSOCIAL SCIENCES | ||
| 942 |
_hSigma:f, Q3 _cTEXL _2cc |
||
| 999 |
_c994659 _d994659 |
||